000 00532nam a2200193Ia 4500
003 OSt
005 20251008094250.0
008 210210b1982 xxu||||| |||| 00| 0 eng d
040 _cAL
041 _aKannada
082 _aK894.2 VAIK
100 _aVAIKUNTHARAJU (B V)
_dವೈಕುಂಠರಾಜು (ಬಿ ವಿ )
_9241679
245 _aKanandevi.
_bಕಾನನ್ ದೇವಿ
260 _aSagara
_bAkshara Prakashana
_c1982
300 _avi,63
690 _aKannada Drama
_9241680
906 _aSG03187
942 _2ddc
_cSG
999 _c114301
_d114301